00263nam a2200121Ia 45000030006000000080041000060400015000471000011000622450020000732600019000935460012001120050017001240STCL150530s9999 xx 000 0 und d aSTCLcSTCL aBaliac aEugenic Grandet bJ.M.Dentc1925 aEnglish20220125171049.0